书目信息 |
| 题名: |
2005年全国硕士研究生入学统一考试形势与政策
|
|
| 作者: | ;考研政治命题研究组 编 | |
| 分册: | ||
| 出版信息: | 北京 现代出版社 2004 |
|
| 页数: | 196页 | |
| 开本: | 20cm | |
| 丛书名: | ||
| 单 册: | ||
| 中图分类: | D643 | |
| 科图分类: | ||
| 主题词: | 政治--中国 | |
| 电子资源: | ||
| ISBN: | 7-80188-426-4 | |
| 000 | 00822nam0 2200217 450 | |
| 001 | 0652302139 | |
| 005 | 20061012143423.57 | |
| 010 | @a7-80188-426-4@dCNY12.00 | |
| 100 | @a20061012d2004 km y0chiy0120 ea | |
| 101 | 0 | @achi |
| 102 | @aCN@b110000 | |
| 102 | @aCN@b110000 | |
| 200 | 1 | @a2005年全国硕士研究生入学统一考试形势与政策@A2005 nian quan guo shuo shi yan jiu sheng ru xue tong yi kao shi xing shi yu zheng ce@e理论热点剖析及命题预测@f考研政治命题研究组编@Fkao yan zheng zhi ming ti yan jiu zu bian |
| 210 | @a北京@c现代出版社@d2004 | |
| 215 | @a196页@d20cm | |
| 517 | 1 | @a理论热点剖析及命题预测@Ali lun re dian pou xi ji ming ti yu ce |
| 606 | 0 | @a政治@x中国 |
| 690 | @aD643@v3 | |
| 711 | 0 | @a考研政治命题研究组@Akao yan zheng zhi ming ti yan jiu zu@4编 |
| 801 | 0 | @aCN@bPFT@c20061012 |
| 905 | @a10447@dD643@e104 | |
| 2005年全国硕士研究生入学统一考试形势与政策:理论热点剖析及命题预测/考研政治命题研究组编.-北京:现代出版社,2004 |
| 196页;20cm |
| ISBN 7-80188-426-4:CNY12.00 |
| ● |
| 相关链接 |
|
|
|
|
正题名:2005年全国硕士研究生入学统一考试形势与政策
索取号:D643/104
 
预约/预借
| 序号 | 登录号 | 条形码 | 馆藏地/架位号 | 状态 | 备注 |
| 1 | 0501790 | 205017907 | 密集书库/ [索取号:D643/104] | 在馆 |